| 000 | 00891cam a22002897a 4500 | ||
|---|---|---|---|
| 003 | CHAP | ||
| 005 | 20220329141056.0 | ||
| 008 | 971013s1994 r 00010 d | ||
| 010 | _a62244 | ||
| 011 | _a63216 | ||
| 035 | _a67392 | ||
| 040 | _cCHAP | ||
| 082 |
_a371.3558 _bT63 |
||
| 100 | 0 | 0 |
_aTodd, Luis E. _9113515 |
| 245 | 1 | 3 |
_aLa televisión interactiva _b: una promesa para la educación |
| 260 |
_a(México, D. F. : _bUNESCO), _c1994 |
||
| 300 | _a91 p. | ||
| 590 |
_aBATCH-UPD _b10 _c20130110 _lUCH01 _h0559 |
||
| 590 |
_aBATCH-UPD _b10 _c20130410 _lUCH01 _h0240 |
||
| 590 |
_aBATCH-UPD _b10 _c20130914 _lUCH01 _h1555 |
||
| 590 |
_aCONVERSION _b10 _c20130109 _lUCH01 _h1333 |
||
| 650 | 1 | 4 |
_aTelevisión en educación. _9112088 |
| 700 | 0 |
_aGuerrero, Juan Pablo. _951283 |
|
| 901 | _aBK | ||
| 942 | _cLIBRO | ||
| 949 |
_a371.3558 T63 _bBC _cLIBRO _d33724000632014 _eLIBRO _h91818 _i67392 _mD _si |
||
| 999 |
_c62244 _d62244 |
||